|
|
|
|
| LEADER |
00000nab a2200000 a 4500 |
| 001 |
vtls000163596 |
| 003 |
SK-MaSNL |
| 005 |
20260302202912.0 |
| 008 |
160215c1983 xo 0 slo |
| 015 |
|
|
|a SNBRB19rr/mm-uuuuu
|
| 035 |
|
|
|a CL0173707
|
| 040 |
|
|
|a SNKBUCL
|b slo
|c SNKBUCL
|e AACR2
|
| 041 |
0 |
|
|a slo
|
| 044 |
|
|
|a xo
|c SK
|
| 080 |
|
|
|a 75.071.1
|2 1981
|
| 080 |
|
|
|a 061.4
|2 1981
|
| 080 |
|
|
|a 929 Vacula, Ján
|2 1981
|
| 080 |
|
|
|a 929 Boča, Kornel
|2 1981
|
| 245 |
0 |
0 |
|a Premeny prírody
|b Z činnosti bratislavskej Galérie AMA
|c (abg)
|
| 600 |
1 |
7 |
|a Boča, Kornel,
|d 1925-
|2 snkbucl
|9 912830
|
| 600 |
1 |
7 |
|a Vacula, Ján
|2 snkbucl
|9 925299
|
| 610 |
2 |
7 |
|a Galéria AMA (Bratislava, Slovensko)
|2 snkbucl
|9 34368
|
| 655 |
|
7 |
|a články z novín a časopisov
|2 snkbucl
|9 267496
|
| 773 |
0 |
|
|t Ľud
|g Roč. 36, č. 246 (18. 10. 1983), s. 5
|
| 850 |
|
|
|a Slovenská národná knižnica v Martine
|a MTA001
|
| 852 |
|
|
|a SNK
|b KIS3GCP
|
| 958 |
|
|
|a BX
|
| 958 |
|
|
|a RK
|
| 992 |
|
|
|a RBX
|
| 999 |
|
|
|c 1466913
|d 1468843
|